| 000 | 00694cam a2200145ua 4500 | ||
|---|---|---|---|
| 041 |
_aeng _h |
||
| 082 |
_a621.879 _bIND/GL |
||
| 110 | 1 |
_aIndian Standards Institution . _b _c() |
|
| 245 |
_aGlossary of terms and classification of earth-moving machines, IS 4988(PArt V)-1968 / _cIndian Standards Institution. _hTextual Documents |
||
| 260 |
_aNew Delhi : _bIndian Standards Institution , _c1970. |
||
| 300 | _a8 ; . | ||
| 504 | _a | ||
| 942 | _cBK | ||
| 999 |
_c9727 _d9727 |
||